000 01217cam a2200337 i 4500
001 3152
003 FISKH
005 20240214134102.0
008 160524s2013 ilu 000 0 eng
010 _a 2016299423
020 _a9781583428436 (pbk.)
020 _a9780439584432
040 _aDLC
_beng
_erda
_cDLC
_dDLC
050 0 0 _aPZ7.G9846
082 _a813.54
100 1 _aGutman, Dan,
245 1 0 _aJackie & me :
_cadventure/comedy by Steven Dietz ; adapted from the book by Dan Gutman.
_bI held the card against my chest and thought of 1947, the Brooklyn Dodgers.../
260 _aNew York :
_bScholastic,
_c1999
300 _a145 pages :
_cillustrations ;
_b20 cm
336 _atext
_btxt
_2rdacontent
337 _aunmediated
_bn
_2rdamedia
338 _avolume
_bnc
_2rdacarrier
505 _aQ
520 _aWith his ability to travel through time by using baseball cards, Joe goes back to 1947 to meet Jackie Robinson, turning into a black boy in the process.
521 8 _a670
_bLexile
521 8 _aQ
_bRaz-Plus
650 _aBaseball
_vFantasy
_yHistorical Fiction
650 _aSports
_vFiction
906 _a7
_bcbc
_corignew
_d4
_encip
_f20
_gy-gencatlg
942 _2ddc
_cBK
_n0
999 _c3152
_d3152